[Event "Midland-ch op Major"]
[Site "Telford"]
[Date "2018.08.12"]
[Round "5.2"]
[White "Ashcroft, Graham J"]
[Black "Bin Suhayl, Yousuf"]
[Result "0-1"]
[WhiteElo "1887"]
[BlackElo "1789"]
[PlyCount "112"]
[EventDate "2018.08.10"]
[EventType "swiss"]
[EventRounds "5"]
[EventCountry "ENG"]
[SourceTitle "EXT 2023"]
[Source "ChessBase"]
[SourceDate "2022.10.05"]
[SourceVersion "1"]
[SourceVersionDate "2022.10.05"]
[SourceQuality "1"]

1. c4 Nf6 2. g3 c5 3. Bg2 Nc6 4. Nc3 g6 5. e3 Bg7 6. Nge2 0-0 7. 0-0 d6 8. d4 cxd4 9. exd4 Bf5 10. b3 Qd7 11. Bb2 Bh3 12. Qd2 Bxg2 13. Kxg2 d5 14. Rad1 Rad8 15. Qc2 Rfe8 16. Rfe1 a6 17. h3 Nb4 18. Qb1 dxc4 19. bxc4 Qc6+ 20. Kg1 Qxc4 21. Ba3 Nfd5 22. Bxb4 Nxb4 23. a3 Nc6 24. Qxb7 Nxd4 25. Nxd4 Qxc3 26. Nc6 Rxd1 27. Rxd1 Qxa3 28. Re1 Bf6 29. Re3 Qa1+ 30. Kg2 e6 31. Qd7 Rf8 32. Rf3 a5 33. Ne7+ Bxe7 34. Qxe7 Qd4 35. h4 h5 36. Rf4 Qd5+ 37. Kh2 e5 38. Ra4 Qb5 39. Re4 Re8 40. Qa3 Qb1 41. Ra4 Qc2 42. Kg1 Qd1+ 43. Kh2 Qe2 44. Rxa5 Qxf2+ 45. Kh3 Qg1 46. Qf3 e4 47. Qg2 Qxg2+ 48. Kxg2 e3 49. Ra1 e2 50. Re1 Kg7 51. Kf2 Kf6 52. Rxe2 Rxe2+ 53. Kxe2 Kf5 54. Kf3 f6 55. Kg2 Kg4 56. Kf2 Kh3 0-1

[Event "London Classic op 8th"]
[Site "London"]
[Date "2016.12.14"]
[Round "7"]
[White "Bin Suhayl, Yousuf"]
[Black "Dushyant, Sharma"]
[Result "0-1"]
[WhiteElo "1788"]
[BlackElo "2066"]
[PlyCount "70"]
[EventDate "2016.12.09"]
[EventType "swiss"]
[EventRounds "9"]
[EventCountry "ENG"]
[SourceTitle "CBM 176 Extra"]
[Source "ChessBase"]
[SourceDate "2017.03.02"]
[SourceVersion "1"]
[SourceVersionDate "2017.03.02"]
[SourceQuality "1"]

1. Nf3 Nf6 2. c4 e6 3. d4 Bb4+ 4. Bd2 a5 5. a3 Bxd2+ 6. Nbxd2 a4 7. e4 d6 8. Bd3 Qe7 9. 0-0 e5 10. d5 Nbd7 11. Ne1 Nc5 12. Bc2 0-0 13. Nd3 Nfxe4 14. Nxe4 Nxe4 15. Bxa4 f5 16. Bc2 Qh4 17. f4 Re8 18. b4 Bd7 19. Rf3 Nc3 20. Qd2 e4 21. Rh3 Qf6 22. Ne5 dxe5 23. fxe5 Ne2+ 24. Qxe2 Qxe5 25. Re1 f4 26. Rb3 Qd4+ 27. Kh1 f3 28. Qe3 Qxc4 29. Rc3 Qa2 30. Rxc7 Rxa3 31. Qd4 Rd3 32. Qg1 Bg4 33. Rxg7+ Kxg7 34. Bxd3 f2 35. Qf1 fxe1Q 0-1

[Event "London Classic op 8th"]
[Site "London"]
[Date "2016.12.11"]
[Round "4"]
[White "Balaji, Aaravamudhan"]
[Black "Bin Suhayl, Yousuf"]
[Result "0-1"]
[WhiteElo "1634"]
[BlackElo "1788"]
[PlyCount "86"]
[EventDate "2016.12.09"]
[EventType "swiss"]
[EventRounds "9"]
[EventCountry "ENG"]
[SourceTitle "CBM 176 Extra"]
[Source "ChessBase"]
[SourceDate "2017.03.02"]
[SourceVersion "1"]
[SourceVersionDate "2017.03.02"]
[SourceQuality "1"]

1. e4 e6 2. d4 d5 3. e5 c5 4. c3 Nc6 5. Nf3 Qb6 6. Bd3 Bd7 7. 0-0 cxd4 8. cxd4 Nxd4 9. Nbd2 Bc5 10. b4 Be7 11. Bb2 Nxf3+ 12. Nxf3 Bb5 13. Bd4 Qa6 14. Bxb5+ Qxb5 15. Rc1 Qd7 16. Ne1 Nh6 17. Nd3 b6 18. Be3 Nf5 19. Qf3 0-0 20. Rfd1 Rfc8 21. h3 Rxc1 22. Bxc1 Rc8 23. Be3 Nxe3 24. Qxe3 Qa4 25. Qe2 Bxb4 26. Qg4 Rc4 27. f4 Bc5+ 28. Kh2 Rd4 29. Nxc5 bxc5 30. Rf1 Qe8 31. Rf3 Qe7 32. Rg3 f5 33. exf6 Qxf6 34. Qe2 Rxf4 35. Qa6 Qe7 36. Rb3 Rf8 37. Rb7 Qf6 38. Rxa7 c4 39. Qc6 Qe5+ 40. Kg1 Qe3+ 41. Kh2 Qxa7 42. Qxe6+ Qf7 43. Qc6 d4 0-1

[Event "London Classic op 8th"]
[Site "London"]
[Date "2016.12.10"]
[Round "2"]
[White "Villiers, Thomas"]
[Black "Bin Suhayl, Yousuf"]
[Result "1-0"]
[WhiteElo "2073"]
[BlackElo "1788"]
[PlyCount "139"]
[EventDate "2016.12.09"]
[EventType "swiss"]
[EventRounds "9"]
[EventCountry "ENG"]
[SourceTitle "CBM 176 Extra"]
[Source "ChessBase"]
[SourceDate "2017.03.02"]
[SourceVersion "1"]
[SourceVersionDate "2017.03.02"]
[SourceQuality "1"]

1. Nf3 Nf6 2. c4 c5 3. Nc3 Nc6 4. e3 e6 5. b3 Be7 6. Bb2 0-0 7. Be2 d5 8. cxd5 Nxd5 9. 0-0 Bf6 10. Rc1 b6 11. Qc2 Ncb4 12. Qb1 Bb7 13. Rfd1 Qe7 14. a3 Nxc3 15. dxc3 Nc6 16. Rd2 Rfd8 17. Rcd1 Rxd2 18. Rxd2 Rd8 19. Qd1 Rxd2 20. Qxd2 Qd8 21. Qc2 Ne5 22. Nd2 g6 23. c4 Nd7 24. b4 Qe7 25. Bc3 Bxc3 26. Qxc3 Qd6 27. f4 e5 28. g3 exf4 29. exf4 Qe6 30. Qd3 Nf6 31. Bf3 Bxf3 32. Nxf3 Qe4 33. Qxe4 Nxe4 34. Kf1 Kf8 35. Ke2 Ke7 36. Ne5 a6 37. Kd3 f5 38. Nf3 Nf2+ 39. Ke3 Ng4+ 40. Ke2 Nf6 41. Ne5 Kd6 42. Nf7+ Kc6 43. Ne5+ Kd6 44. Kd3 Ne4 45. Kc2 cxb4 46. axb4 a5 47. c5+ bxc5 48. bxa5 Nf6 49. Kb3 Ne8 50. Kc4 Nc7 51. h4 Nd5 52. Kb5 Nc7+ 53. Kb6 Nd5+ 54. Kb7 Nb4 55. a6 Nxa6 56. Kxa6 Kd5 57. Kb5 Kd4 58. h5 gxh5 59. Nf3+ Ke3 60. Nh4 Kf2 61. Nxf5 Kf3 62. Kxc5 Kg4 63. Nh4 Kxg3 64. f5 Kxh4 65. f6 Kg3 66. f7 h4 67. f8Q h3 68. Kd4 h5 69. Ke3 h4 70. Qf3+ 1-0

[Event "BCF-chT3S 1415 (4NCL)"]
[Site "England"]
[Date "2015.01.11"]
[Round "4.246"]
[White "Bin Suhayl, Yousuf"]
[Black "Woods, Timothy J"]
[Result "0-1"]
[WhiteElo "1742"]
[BlackElo "1751"]
[PlyCount "84"]
[EventDate "2014.11.15"]
[EventType "team-swiss"]
[EventRounds "6"]
[EventCountry "ENG"]
[SourceTitle "EXT 2016"]
[Source "ChessBase"]
[SourceDate "2015.10.08"]
[SourceVersion "1"]
[SourceVersionDate "2015.10.08"]
[SourceQuality "1"]
[WhiteTeam "Broadland Harnsers II"]
[BlackTeam "Sussex Martlets II"]
[WhiteTeamCountry "ENG"]
[BlackTeamCountry "ENG"]

1. Nf3 g6 2. g3 Bg7 3. c4 d6 4. Bg2 e5 5. 0-0 Nc6 6. Nc3 f5 7. e3 Nf6 8. d4 0-0 9. Rb1 a5 10. a3 e4 11. Nd2 Re8 12. b4 axb4 13. axb4 Qe7 14. b5 Nd8 15. Bb2 Nf7 16. Ra1 Rxa1 17. Qxa1 Ng5 18. h4 Ne6 19. f3 Bh6 20. f4 Ng4 21. Nd5 Qf7 22. Bh3 Ng7 23. Bxg4 fxg4 24. Qa5 c6 25. Nc7 Re7 26. b6 Nf5 27. Qa8 Qf8 28. Ba3 Bg7 29. Re1 Qd8 30. Nf1 Nxd4 31. exd4 Bxd4+ 32. Ne3 Bxb6 33. Bxd6 Qxd6 34. Qxc8+ Kf7 35. Qh8 Rxc7 36. Qxh7+ Kf6 37. Qh6 Bxe3+ 38. Rxe3 Qd1+ 39. Kf2 Qd2+ 40. Re2 e3+ 41. Kf1 Qd1+ 42. Re1 Qf3+ 0-1

[Event "BCF-chT3S 1415 (4NCL)"]
[Site "England"]
[Date "2015.01.10"]
[Round "3"]
[White "David, Ivan"]
[Black "Bin Suhayl, Yousuf"]
[Result "1-0"]
[WhiteElo "1829"]
[BlackElo "1742"]
[PlyCount "39"]
[EventDate "2014.11.15"]
[EventType "team-swiss"]
[EventRounds "6"]
[EventCountry "ENG"]
[SourceTitle "EXT 2016"]
[Source "ChessBase"]
[SourceDate "2015.10.08"]
[SourceVersion "1"]
[SourceVersionDate "2015.10.08"]
[SourceQuality "1"]
[WhiteTeam "e2e4.org.uk IV"]
[BlackTeam "Broadland Harnsers II"]
[WhiteTeamCountry "ENG"]
[BlackTeamCountry "ENG"]

1. Nf3 Nf6 2. c4 c6 3. Nc3 d5 4. e3 g6 5. b3 Bg7 6. Bb2 0-0 7. d4 Ng4 8. h3 Nh6 9. Be2 Bf5 10. Qd2 Be4 11. Nxe4 dxe4 12. Ng5 e5 13. Nxe4 f5 14. Nc5 Qe7 15. Nd3 exd4 16. Bxd4 Bxd4 17. exd4 Qe4 18. Qxh6 Re8 19. Qd2 Qxg2 20. 0-0-0 1-0

[Event "Sunningdale e2e4 op 04"]
[Site "Ascot"]
[Date "2014.04.21"]
[Round "9"]
[White "Bin Suhayl, Yousuf"]
[Black "Purdon, Colin"]
[Result "0-1"]
[WhiteElo "1691"]
[BlackElo "2148"]
[PlyCount "122"]
[EventDate "2014.04.17"]
[EventType "swiss"]
[EventRounds "9"]
[EventCountry "ENG"]
[SourceTitle "CBM 159 Extra"]
[Source "ChessBase"]
[SourceDate "2014.04.24"]
[SourceVersion "1"]
[SourceVersionDate "2014.04.24"]
[SourceQuality "1"]

1. e4 e6 2. d4 d5 3. exd5 exd5 4. Nf3 Nc6 5. Be2 Nf6 6. 0-0 Bd6 7. Nc3 Bf5 8. a3 h6 9. Nb5 Be7 10. Bf4 Rc8 11. Ne5 Nxe5 12. dxe5 Ne4 13. Nxa7 Ra8 14. Nb5 c6 15. Nd4 Qd7 16. f3 Ng5 17. Nxf5 Qxf5 18. Qd2 Ne6 19. Bg3 Bc5+ 20. Kh1 Bd4 21. Bd3 Qh5 22. c3 Bxe5 23. Bxe5 Qxe5 24. f4 Qf6 25. f5 Ng5 26. Rae1+ Kf8 27. Qe3 Kg8 28. Qb6 Kh7 29. Qd4 Qxd4 30. cxd4 Rhe8 31. f6+ g6 32. Re7 Rxe7 33. fxe7 Kg7 34. h4 Ne6 35. Rd1 Re8 36. Bc2 Rxe7 37. Rd2 Nf4 38. Bd1 Re1+ 39. Kh2 Ne6 40. Bg4 f5 41. Bf3 Kf6 42. g3 g5 43. hxg5+ Nxg5 44. Kg2 Re3 45. Rf2 Kg6 46. Bd1 Ne6 47. Re2 Rxe2+ 48. Bxe2 Nxd4 49. Bd3 Kf6 50. Kf2 Ke5 51. Ke3 c5 52. Bb1 b5 53. Ba2 c4 54. Bb1 Nc6 55. Ba2 Nd4 56. Bb1 Ne6 57. Ba2 d4+ 58. Kd2 Nc5 59. Kc2 Ke4 60. a4 Nxa4 61. b3 Nc3 0-1

[Event "Sunningdale e2e4 U1800 op 04"]
[Site "Sunningdale"]
[Date "2014.04.20"]
[Round "7"]
[White "Atara, Omeet J"]
[Black "Bin Suhayl, Yousuf"]
[Result "0-1"]
[WhiteElo "1713"]
[BlackElo "1691"]
[PlyCount "124"]
[EventDate "2014.04.17"]
[EventType "swiss"]
[EventRounds "7"]
[EventCountry "ENG"]
[SourceTitle "EXT 2015"]
[Source "ChessBase"]
[SourceDate "2014.11.20"]
[SourceVersion "1"]
[SourceVersionDate "2014.11.20"]
[SourceQuality "1"]

1. c4 Nf6 2. Nc3 c5 3. Nf3 Nc6 4. g3 g6 5. Bg2 Bg7 6. 0-0 0-0 7. d3 d6 8. e4 e5 9. Bg5 h6 10. Be3 Ne8 11. Nd5 Nc7 12. Nxc7 Qxc7 13. Ne1 a6 14. Qd2 Kh7 15. a3 Nd4 16. Bxd4 cxd4 17. b4 b6 18. f4 f6 19. Rc1 Bd7 20. Nf3 a5 21. Nh4 axb4 22. axb4 Ra4 23. Ra1 Rfa8 24. Qb2 Qa7 25. Rxa4 Qxa4 26. b5 Qa3 27. Qd2 Qa2 28. Rf2 Qxd2 29. Rxd2 Ra3 30. Kf1 h5 31. Ke2 Bh6 32. Rd1 exf4 33. gxf4 Bxf4 34. Rf1 Bg4+ 35. Ke1 Bxh2 36. Kd2 Bg3 37. Kc1 Ra1+ 38. Kb2 Rxf1 39. Bxf1 Bxh4 40. Kc2 Bf2 41. Kd2 h4 42. Bg2 h3 43. Bh1 h2 44. c5 dxc5 45. Kc2 Be2 46. Kd2 Bf1 47. Kc2 g5 48. Kd2 g4 49. e5 fxe5 50. Be4+ Kh6 51. Bh1 g3 52. Ba8 g2 53. Bxg2 Bxg2 54. Kc2 h1Q 55. Kb2 Qd1 56. Ka3 Be1 57. Ka2 Bc3 58. Ka3 e4 59. dxe4 Qb1 60. Ka4 Bf3 61. Ka3 Qb2+ 62. Ka4 Bd1# 0-1

[Event "Sunningdale e2e4 U1800 op 04"]
[Site "Sunningdale"]
[Date "2014.04.20"]
[Round "6"]
[White "Bin Suhayl, Yousuf"]
[Black "Horlock, Peter J"]
[Result "1/2-1/2"]
[WhiteElo "1691"]
[BlackElo "1646"]
[PlyCount "89"]
[EventDate "2014.04.17"]
[EventType "swiss"]
[EventRounds "7"]
[EventCountry "ENG"]
[SourceTitle "EXT 2015"]
[Source "ChessBase"]
[SourceDate "2014.11.20"]
[SourceVersion "1"]
[SourceVersionDate "2014.11.20"]
[SourceQuality "1"]

1. e4 e5 2. Bc4 Bc5 3. Nf3 Nc6 4. c3 d6 5. Bb3 h6 6. d3 Nf6 7. 0-0 a6 8. Nbd2 0-0 9. Re1 Re8 10. Nf1 b5 11. h3 Bb6 12. Bd2 Be6 13. Ne3 d5 14. Nxd5 Nxd5 15. exd5 Bxd5 16. Bxd5 Qxd5 17. Be3 Bxe3 18. Rxe3 Re6 19. Qc2 Rae8 20. Qb3 Qd8 21. Rae1 Qf6 22. a4 Na7 23. d4 bxa4 24. Qxa4 exd4 25. Rxe6 Rxe6 26. Rxe6 Qxe6 27. Qxd4 Nc6 28. Qa4 Ne7 29. Kf1 Ng6 30. Nd4 Qe4 31. Qc2 Qd5 32. Qb3 Qe4 33. Qc2 Qd5 34. Qb3 Qe4 35. Kg1 Qe1+ 36. Kh2 Qxf2 37. Qc2 Qf4+ 38. Kg1 Qe5 39. Qe2 Qd5 40. Qxa6 Qe5 41. Qe2 Qd5 42. Qb5 Qe4 43. Qb8+ Kh7 44. Qxc7 Nf4 45. Qc6 1/2-1/2